000 00868cam a22002777a 4500
001 112489
003 Ost
005 20140310182826.0
008 970908s1971 sdua 000 0 eng
010 _a 97060847
020 _a0060802421
040 _aDLC
_cDLC
050 0 0 _aBV 4639
_b.M468 1971
082 _aM 241.633
_bM45 1971
245 0 0 _aOn caring :
_cMayeroff, Milton
260 _aNew York :
_bPerennial Library,
_cc1971
300 _a91 p. :
_bill. (some col.) ;
_c29 cm.
521 _aHigh School to College Student
526 _c0L to 1700L
541 _j1
562 _efor circulation. 1 copy available in the collection
710 2 _aGood Samaritan Society (Sioux Falls, S.D.)
906 _a7
_bcbc
_corignew
_d4
_eopcn
_f19
_gy-gencatlg
942 _2lcc
_cBK
_kM
999 _c16497
_d16497